MARC details
| 000 -CABECERA |
| campo de control de longitud fija |
01023cam a2200301 a 4500 |
| 001 - NÚMERO DE CONTROL |
| campo de control |
000005751 |
| 005 - FECHA Y HORA DE LA ÚLTIMA TRANSACCIÓN |
| campo de control |
20200929151753.0 |
| 008 - DATOS DE LONGITUD FIJA--INFORMACIÓN GENERAL |
| campo de control de longitud fija |
820510s1978 uy 000 e spa d |
| 040 ## - FUENTE DE LA CATALOGACIÓN |
| Centro catalogador/agencia de origen |
DO-SdBNP |
| Centro/agencia transcriptor |
DLC |
| Centro/agencia modificador |
DLC |
| 082 ## - NÚMERO DE LA CLASIFICACIÓN DECIMAL DEWEY |
| Número de clasificación |
U864.3 |
| Número de documento/Ítem |
Z88e |
| 100 1# - ENTRADA PRINCIPAL--NOMBRE DE PERSONA |
| Nombre de persona |
Zorrilla de San Martín, Juan, |
| Fechas asociadas al nombre |
1855-1931 |
| 9 (RLIN) |
3845 |
| 240 10 - TÍTULO UNIFORME |
| Título uniforme |
Essays. |
| Subencabezamiento de forma |
Selections |
| 245 10 - MENCIÓN DE TÍTULO |
| Título |
Ensayos / |
| Mención de responsabilidad, etc. |
Juan Zorrilla de San Martín ; selección y prólogo de Arturo Sergio Visca. |
| 260 ## - PUBLICACIÓN, DISTRIBUCIÓN, ETC. |
| Lugar de publicación, distribución, etc. |
Montevideo : |
| Nombre del editor, distribuidor, etc. |
Ministerio de Educación y Cultura, |
| Fecha de publicación, distribución, etc. |
1978. |
| 300 ## - DESCRIPCIÓN FÍSICA |
| Extensión |
3 v. ; |
| Dimensiones |
18 cm. |
| 490 1# - MENCIÓN DE SERIE |
| Mención de serie |
Biblioteca Artigas |
| 490 1# - MENCIÓN DE SERIE |
| Mención de serie |
Clásicos uruguayos |
| Designación de volumen o secuencia |
154-156 |
| 505 0# - NOTA DE CONTENIDO CON FORMATO |
| Nota de contenido con formato |
t. 1. El sermón de la paz |
| 505 0# - NOTA DE CONTENIDO CON FORMATO |
| Nota de contenido con formato |
t. 2. El libro de Ruth |
| 505 0# - NOTA DE CONTENIDO CON FORMATO |
| Nota de contenido con formato |
t. 3. Huerto cerrado |
| 650 #4 - PUNTO DE ACCESO ADICIONAL DE MATERIA--TÉRMINO DE MATERIA |
| Término de materia o nombre geográfico como elemento de entrada |
Ensayos uruguayos |
| 9 (RLIN) |
3053 |
| 650 #4 - PUNTO DE ACCESO ADICIONAL DE MATERIA--TÉRMINO DE MATERIA |
| Término de materia o nombre geográfico como elemento de entrada |
Literatura uruguaya |
| 9 (RLIN) |
3054 |
| 700 1# - PUNTO DE ACCESO ADICIONAL--NOMBRE DE PERSONA |
| Nombre de persona |
Visca, Arturo Sergio, |
| Término indicativo de función/relación |
pról. |
| 9 (RLIN) |
16277 |
| 830 #0 - PUNTO DE ACCESO ADICIONAL DE SERIE-TÍTULO UNIFORME |
| Título uniforme |
Clásicos uruguayos ; |
| Designación de volumen o secuencia |
154-156 |
| 9 (RLIN) |
16278 |
| 830 #0 - PUNTO DE ACCESO ADICIONAL DE SERIE-TÍTULO UNIFORME |
| Título uniforme |
Biblioteca Artigas |
| 9 (RLIN) |
16279 |
| 910 ## - DATOS DE OPCIÓN DEL USUARIO (OCLC) |
| Datos de opción del usuario |
Catalogación por copia / LC |
| 910 ## - DATOS DE OPCIÓN DEL USUARIO (OCLC) |
| Datos de opción del usuario |
WM |